Principios pedagógicos en la educación física
Zapisane w:
| 1. autor: | |
|---|---|
| Format: | Książka |
| Język: | hiszpański |
| Wydane: |
Buenos Aires
Kapelusz
1974
|
| Seria: | Colección de Educación Física
|
| Hasła przedmiotowe: | |
| Etykiety: |
Dodaj etykietę
Nie ma etykietki, Dołącz pierwszą etykiete!
|
MARC
| LEADER | 00000nam a2200000 a 4500 | ||
|---|---|---|---|
| 001 | UCY9036 | ||
| 003 | CL-VaPUC | ||
| 008 | 950707e19740800AG |||||||||||||||||spa|d | ||
| 082 | 0 | 4 | |a 796.07 |b SEY |2 21 |
| 100 | 0 | |a Seybold-Brunnhuber, Annemarie |e author |9 341019 | |
| 245 | 1 | 0 | |a Principios pedagógicos en la educación física |
| 300 | |a 191 p | ||
| 942 | |c BK | ||
| 945 | |d 19950707 00:00:00 |a lriquelm | ||
| 260 | |a Buenos Aires |b Kapelusz |c 1974 | ||
| 650 | 7 | |a PRINCIPIOS EDUCACIONALES |2 CL-VaPUC |9 341020 | |
| 650 | 0 | |a Educación física |9 240893 | |
| 650 | 7 | |a RENDIMIENTO |2 CL-VaPUC |9 260872 | |
| 650 | 0 | |a Educación básica |9 224933 | |
| 583 | |a last modification |c 19950707 00:00:00 |k Rodrigo Vera | ||
| 490 | 0 | |a Colección de Educación Física | |
| 999 | |c 236210 |d 236208 | ||
| 952 | |0 0 |1 0 |4 0 |6 796_070000000000000_SEY_1974 |7 0 |8 P |9 244157 |a BIBEDU |b BIBEDU |c BIBEDU_PB |d 2019-11-18 |i 1527681 |o 796.07 SEY 1974 |p 1527681 |r 2024-01-25 |w 2019-11-18 |y BK |k EDU | ||
| 952 | |0 0 |1 0 |4 0 |6 796_070000000000000_SEY_1974 |7 0 |8 P |9 244158 |a BIBEDU |b BIBEDU |c BIBEDU_PB |d 2019-11-18 |i 1527703 |o 796.07 SEY 1974 |p 1527703 |r 2024-01-25 |w 2019-11-18 |y BK |k EDU | ||
| 952 | |0 0 |1 0 |4 0 |6 796_070000000000000_SEY_1974 |7 0 |8 P |9 244159 |a BIBEDU |b BIBEDU |c BIBEDU_PB |d 2019-11-18 |i 2012162 |o 796.07 SEY 1974 |p 2012162 |r 2024-01-25 |w 2019-11-18 |y BK |k EDU | ||
| 952 | |0 0 |1 0 |4 0 |6 796_070000000000000_SEY_1974 |7 0 |8 P |9 244160 |a BIBEDU |b BIBEDU |c BIBEDU_PB |d 2019-11-18 |i 2012553 |o 796.07 SEY 1974 |p 2012553 |r 2024-01-25 |w 2019-11-18 |y BK |k EDU | ||